000 00780nam a22001937a 4500
003 AM-YeHGA
005 20250617160336.0
008 200924s1944 ru ||||| |||| 00| 0 rus d
040 _aAM-YeHGA
041 0 _arus
100 1 _aНовиков, Николай Васильевич.
245 1 0 _aГангут :
_bКампании 1713 и 1714 гг. на Финляндском театре : Гангутская операция и бой 27-го июля 1714 г. /
_cКапитан 1-го ранга Н. В. Новиков.
260 _aМосква :
_bВоенмориздат,
_c1944.
300 _a95 с.
440 0 _aБиблиотека морского офицера
653 0 _aГангутская операция
942 _2udc
_cBK
090 _c454176
999 _c451238
_d451238